| 000 | 00380nam a2200157Ia 4500 | ||
|---|---|---|---|
| 005 | 20250423095128.0 | ||
| 008 | 250422s9999 xx 000 0 und d | ||
| 020 | _a9780558521820 | ||
| 050 | _aHB 171 .C43/ | ||
| 245 | 0 | _aEconomics: CFA program curriculum level 1 2011 | |
| 260 | _aBoston | ||
| 260 | _bPearson Custom Pub. | ||
| 260 | _c2011 | ||
| 300 | _a504 p | ||
| 942 | _cBK | ||
| 999 |
_c29325 _d29325 |
||